Шарнирный кривошипно-коромысловый механизм

Bibliographic Details
Corporate Author: Томский политехнический институт (ТПИ)
Other Authors: Крауиньш П. Я. Петр Янович, Гаврилин А. Н. Алексей Николаевич, Смайлов С. А. Садык Арифович, Пересторонин П. В.
Summary:опубл. 30.01.86
Изобретение относится к машиностроению, а именно к преобразователям вращательного движения в качательное, и может быть использовано в различных механизмах, где требуется преобразование равномерного вращения ведущего звена в качательное движение ведомого звена.
Language:Russian
Published:
Subjects:
Online Access:http://www1.fips.ru/fips_servl/fips_servlet?DB=RUPAT&rn=93&DocNumber=1208381&TypeFile=html
Format: MixedMaterials Electronic Book
KOHA link:https://koha.lib.tpu.ru/cgi-bin/koha/opac-detail.pl?biblionumber=638129

MARC

LEADER 00000nlm0a2200000 4500
001 638129
005 20231214114158.0
029 1 0 |a RU  |b 1208381  |c А. с.  |d МПК F 16 H 21/00 
035 |a (RuTPU)RU\TPU\network\2362 
035 |a RU\TPU\network\1999 
039 0 |a RU  |b 3726708  |c 19840413 
090 |a 638129 
100 |a 20141209j19860130k y0rusy50 ca 
101 0 |a rus 
102 |a RU 
105 |a a k 000zy 
135 |a drmn ---uucaa 
181 0 |a i  
182 0 |a b 
200 1 |a Шарнирный кривошипно-коромысловый механизм  |f П. Я. Крауиньш [и др.]  |g Томский политехнический институт (ТПИ) 
203 |a Текст  |c электронный 
300 |a опубл. 30.01.86 
330 |a Изобретение относится к машиностроению, а именно к преобразователям вращательного движения в качательное, и может быть использовано в различных механизмах, где требуется преобразование равномерного вращения ведущего звена в качательное движение ведомого звена. 
610 1 |a патенты 
610 1 |a труды учёных ТПУ 
610 1 |a электронный ресурс 
610 1 |a изобретения 
610 1 |a машиностроение 
610 1 |a шарнирные механизмы 
610 1 |a кривошипно-коромысловые механизмы 
610 1 |a вращательные движения 
610 1 |a качательные движения 
610 1 |a преобразователи 
610 1 |a вращения 
610 1 |a авторские свидетельства 
701 1 |a Крауиньш  |b П. Я.  |c специалист в области машиностроения  |c профессор Томского политехнического университета, доктор технических наук  |f 1939-  |g Петр Янович  |3 (RuTPU)RU\TPU\pers\21970 
701 1 |a Гаврилин  |b А. Н.  |c специалист в области машиностроения  |c доцент Томского политехнического университета, кандидат технических наук  |f 1960-  |g Алексей Николаевич  |3 (RuTPU)RU\TPU\pers\28206  |9 13160 
701 1 |a Смайлов  |b С. А.  |c специалист в области машиностроения  |c доцент Томского политехнического университета, кандидат технических наук  |f 1951-  |g Садык Арифович  |3 (RuTPU)RU\TPU\pers\30281 
701 1 |a Пересторонин  |b П. В. 
712 0 2 |a Томский политехнический институт (ТПИ)  |c (1944-1991)  |3 (RuTPU)RU\TPU\col\1123 
801 1 |a RU  |b 63413507  |c 20120201 
801 2 |a RU  |b 63413507  |c 20160607  |g RCR 
856 4 |u http://www1.fips.ru/fips_servl/fips_servlet?DB=RUPAT&rn=93&DocNumber=1208381&TypeFile=html 
942 |c CF